Statistics for Infinity War characters

Click here to take the quiz!

General Stats

  • This quiz has been taken 33 times
  • The average score is 27 of 40

Answer Stats

Character% Correct
Captain America
100%
Scarlet Witch
92%
Groot
92%
Thanos
92%
Hulk
92%
Thor
92%
Gamora
92%
Doctor Strange
88%
Black Widow
88%
Loki
88%
Black Panther
88%
Drax
84%
Vision
84%
Iron Man
84%
Mantis
84%
Star Lord
84%
Spiderman
84%
War Machine
80%
Nebula
76%
Falcon
72%
Nick Fury
72%
Winter Soldier
72%
Wong
68%
Shuri
64%
Pepper Potts
60%
Ebony Maw
56%
Rocket Racoon
56%
Red Skull
56%
Maria Hill
56%
Heimdall
56%
Okoye
52%
Ned Leeds
40%
Proxima Midnight
36%
Corvus Glave
36%
M'Baku
36%
The Collector
36%
Eitri
32%
Stan Lee
24%
Ayo
24%
Black Dwarf
16%

Score Distribution

Percentile by Number Answered

Percent of People with Each Score

Your Score History

You have not taken this quiz